Enterprise architecture planning : developing a blueprint for data, applications and technology
Αποθηκεύτηκε σε:
| Κύριος συγγραφέας: | |
|---|---|
| Άλλοι συγγραφείς: | , |
| Μορφή: | Βιβλίο |
| Γλώσσα: | English |
| Δημοσίευση: |
New York ; : Chichester :
John Wiley & Sons,
c1993
|
| Θέματα: | |
| Ετικέτες: |
Προσθήκη ετικέτας
Δεν υπάρχουν, Καταχωρήστε ετικέτα πρώτοι!
|
MARC
| LEADER | 00000nam a2200000 i 4500 | ||
|---|---|---|---|
| 001 | 1/99923 | ||
| 008 | 000216s1993 eng d | ||
| 020 | |a 0471599859 | ||
| 035 | |l 10057073 | ||
| 040 | |a GR-MY-UA |b gre |e aacr | ||
| 041 | 0 | |a eng | |
| 082 | 0 | |a 658.4038011 | |
| 100 | 1 | |a Spewak, Steven H. | |
| 245 | 1 | 0 | |a Enterprise architecture planning : |b developing a blueprint for data, applications and technology / |c Steven H. Spewak with Steven C. Hill ; foreword by John A. Zachman |
| 260 | |a New York ; : |a Chichester : |b John Wiley & Sons, |c c1993 | ||
| 300 | |a xxiv, 359 p.; |b ill.; |c 24 cm. | ||
| 504 | |a Includes bibliographical references and index | ||
| 650 | 0 | 0 | |a Management information systems. |
| 650 | 0 | 0 | |a System design. |
| 700 | 1 | |a Hill, Steven C. | |
| 700 | 1 | |a Zachman, John A. |4 aui | |
| 852 | |a INST |b SAMOS |e 20000216 |h 658.4038011 SPE |p 005300015759 |q 005300015759 |t BK |y 0 | ||
| 901 | |a BIBL3-2000-1 | ||
| 909 | |a Σ |b 071652 | ||
| 922 | |a 3ΕΛΗ |b 199912 |c ΤΠΕΣ |d ΠΑΠΑΣΩΤΗΡΙΟΥ | ||
| 950 | |a 133-1999-07-20 | ||
| 970 | |a ΓΕΝΟΥΖΟΥ |b ΧΡΥΣΑΝΘΗ |z 2000/02/16 | ||